Vysádzanie viniča

Podrobná bibliografia
Hlavný autor: Hronský, Štefan (Autor)
Médium: Článok
Jazyk:slovenčina
Fyzický popis:Obr.
ISSN:0862-5565
Predmet:

MARC

LEADER 00000nab a2200000 a 4500
001 vtls000660096
003 SK-MaSNL
005 20260302191257.0
008 180205c1998 xo 0 slo
015 |a SNBRB1998/04-11304 
035 |a CLN000012288 
040 |a SNKBUCL  |b slo  |c SNKBUCL  |e AACR2 
041 0 |a slo 
044 |a xo  |c SK 
080 |a 634.8.04  |2 UDC-MRF-SK2 
100 1 |a Hronský, Štefan  |4 aut  |9 5257 
245 1 0 |a Vysádzanie viniča  |c Š. Hronský 
300 |b Obr. 
650 0 7 |a vinič hroznorodý  |x výsadba  |2 snkbucl  |9 906596 
655 7 |a články z novín a časopisov  |2 snkbucl  |9 267496 
773 0 |x 0862-5565  |t Záhradkár  |g Roč. 34, č. 4 (1998), s. 9 
850 |a Slovenská národná knižnica v Martine 
852 |a SNK  |b KIS3GCP 
958 |a RBX 
999 |c 1436645  |d 1438575